[Event "Basel Easter op"]
[Site "Basel"]
[Date "2024.03.30"]
[Round "5"]
[White "Nemitz, Alfred"]
[Black "Monteverde, Jonathan"]
[Result "1-0"]
[WhiteElo "2239"]
[BlackElo "2088"]
[PlyCount "87"]
[EventDate "2024.03.28"]
[EventType "swiss"]
[EventRounds "9"]
[EventCountry "SUI"]
[SourceTitle "CB14_2024"]
[SourceDate "2024.04.01"]
[SourceVersion "1"]
[SourceVersionDate "2024.04.01"]
[SourceQuality "1"]

1. d4 Nf6 2. Nf3 e6 3. Bg5 c5 4. e3 b6 5. d5 exd5 6. Nc3 Be7 7. Nxd5 Bb7 8. Bxf6 Bxf6 9. c3 0-0 10. Bc4 Nc6 11. Nxf6+ Qxf6 12. Qxd7 Na5 13. Be2 Rad8 14. Qg4 b5 15. 0-0 b4 16. Rac1 Bd5 17. Ng5 h6 18. Ne4 Qe7 19. Nxc5 Qxc5 20. cxb4 Qb6 21. bxa5 Qxb2 22. Bc4 Rc8 23. Rb1 Rxc4 24. Qxc4 Qxb1 25. Qxd5 Rb8 26. Qd4 a6 27. Qd6 Qb5 28. a4 Qb7 29. h3 Qc8 30. Rd1 Kh7 31. Qd7 Qc2 32. Qd3+ Qxd3 33. Rxd3 Rb1+ 34. Kh2 Ra1 35. Rd6 Rxa4 36. Rxa6 h5 37. Kg3 h4+ 38. Kf3 g5 39. e4 Kg7 40. g3 f5 41. exf5 g4+ 42. hxg4 h3 43. Rg6+ Kh7 44. g5 1-0

[Event "Basel Easter op"]
[Site "Basel"]
[Date "2024.03.29"]
[Round "2"]
[White "Aditya, Kunal Patil"]
[Black "Monteverde, Jonathan"]
[Result "1/2-1/2"]
[WhiteElo "2051"]
[BlackElo "2088"]
[PlyCount "63"]
[EventDate "2024.03.28"]
[EventType "swiss"]
[EventRounds "9"]
[EventCountry "SUI"]
[SourceTitle "CB14_2024"]
[SourceDate "2024.04.01"]
[SourceVersion "1"]
[SourceVersionDate "2024.04.01"]
[SourceQuality "1"]

1. e4 c5 2. Nf3 d6 3. Bb5+ Nd7 4. 0-0 a6 5. Bd3 Ngf6 6. Re1 b5 7. a4 Bb7 8. axb5 axb5 9. Rxa8 Qxa8 10. Bxb5 Bxe4 11. Nc3 Bxf3 12. Qxf3 Qxf3 13. gxf3 e6 14. d3 Kd8 15. Bg5 Ne5 16. Kg2 Kc7 17. Ra1 Kb7 18. Ba6+ Kb6 19. Be3 Nc6 20. Bb5 Na7 21. Bc4 d5 22. Na4+ Kc6 23. Nc3 dxc4 24. Rxa7 cxd3 25. cxd3 Nd7 26. Ra8 g5 27. d4 Bg7 28. Rxh8 Bxh8 29. dxc5 Nxc5 30. Bxc5 Bxc3 31. Be7 Bxb2 32. Bxg5 1/2-1/2

[Event "Biel HTO 56th"]
[Site "Biel"]
[Date "2023.07.27"]
[Round "10"]
[White "Ermitsch, Magnus"]
[Black "Monteverde, Jonathan"]
[Result "1-0"]
[WhiteElo "2232"]
[BlackElo "2074"]
[PlyCount "101"]
[EventDate "2023.07.17"]
[EventType "swiss"]
[EventRounds "10"]
[EventCountry "SUI"]
[SourceTitle "CBM 215 Extra"]
[Source "ChessBase"]
[SourceDate "2023.09.30"]
[SourceVersion "1"]
[SourceVersionDate "2023.09.30"]
[SourceQuality "1"]

1. e4 c5 2. Nf3 d6 3. d4 cxd4 4. Nxd4 Nf6 5. Nc3 a6 6. Bg5 e6 7. f4 Be7 8. e5 dxe5 9. fxe5 Nd5 10. Bxe7 Qxe7 11. Nf5 exf5 12. Nxd5 Qxe5+ 13. Qe2 Qxe2+ 14. Bxe2 Ra7 15. a4 Be6 16. 0-0-0 Nd7 17. a5 Bxd5 18. Rxd5 b5 19. axb6 Nxb6 20. Rxf5 a5 21. Bb5+ Ke7 22. Re1+ Kd6 23. Rd1+ Ke6 24. Bd3 Nd5 25. Rf2 Nb4 26. Bc4+ Ke5 27. c3 Rc7 28. Re1+ Kd6 29. Rd2+ Kc5 30. cxb4+ Kxb4 31. b3 a4 32. Kb2 Rb8 33. Re5 f6 34. Red5 Rc5 35. Rxc5 Kxc5 36. Rd7 g5 37. Rxh7 axb3 38. Bxb3 Re8 39. g4 Re2+ 40. Bc2 Rg2 41. h3 Kd4 42. Kb3 Rg3+ 43. Kb4 Ke5 44. Bf5 Kf4 45. Kc5 Ra3 46. Kd6 Re3 47. h4 gxh4 48. Rxh4 Ra3 49. Ke6 Re3+ 50. Kxf6 Rh3 51. Rh5 1-0

[Event "Biel HTO 56th"]
[Site "Biel"]
[Date "2023.07.20"]
[Round "4"]
[White "Karthik, Rajaa"]
[Black "Monteverde, Jonathan"]
[Result "1/2-1/2"]
[WhiteElo "2276"]
[BlackElo "2074"]
[PlyCount "158"]
[EventDate "2023.07.17"]
[EventType "swiss"]
[EventRounds "10"]
[EventCountry "SUI"]
[SourceTitle "CBM 215 Extra"]
[Source "ChessBase"]
[SourceDate "2023.09.30"]
[SourceVersion "1"]
[SourceVersionDate "2023.09.30"]
[SourceQuality "1"]

1. Nf3 d5 2. d4 Bf5 3. c4 e6 4. Nc3 Nc6 5. Bf4 Nf6 6. e3 Bb4 7. Rc1 0-0 8. a3 Bxc3+ 9. Rxc3 Ne7 10. Rc1 Ne4 11. Nd2 c5 12. Nxe4 Bxe4 13. f3 Bg6 14. dxc5 Qa5+ 15. Qd2 Qxc5 16. b4 Qc6 17. c5 Qa4 18. h4 h5 19. Be2 Qxa3 20. Kf2 a5 21. Bd6 Rfe8 22. Bxe7 Rxe7 23. Ra1 Qb3 24. Rhc1 Ree8 25. bxa5 Rec8 26. f4 Rc6 27. Qd4 f6 28. Bd1 Qd3 29. Qb4 Qa6 30. Ba4 Rc7 31. Bb5 Qa7 32. Be2 Rc6 33. Bb5 Rc7 34. a6 bxa6 35. Rxa6 Qb8 36. Rxa8 Qxa8 37. Be2 Qc8 38. Qd4 Bf7 39. Bf3 Qe8 40. Qd1 Qb5 41. Be2 Qe8 42. Qd2 e5 43. Qa5 Qd8 44. Qc3 Qe7 45. Bf3 Rc8 46. Kg3 Rc7 47. Qd2 Qd7 48. Qb2 Qe7 49. Qb8+ Kh7 50. Qb6 exf4+ 51. exf4 d4 52. Qd6 Qe3 53. Rd1 Rc8 54. c6 Be8 55. c7 Qc3 56. Qe6 Qxc7 57. Rxd4 Qc3 58. Rd1 Bg6 59. Qd5 Qe3 60. Qd2 Qxd2 61. Rxd2 Rc7 62. Rd5 Bf7 63. Rd8 g6 64. Ra8 Kg7 65. Rb8 Rd7 66. Kf2 Re7 67. Rb7 Rxb7 68. Bxb7 g5 69. g3 gxh4 70. gxh4 Kf8 71. Ke3 Ke7 72. Kd4 Kd6 73. Bf3 Bg6 74. Bd5 Be8 75. Bb3 Bg6 76. Bg8 Kc6 77. Bd5+ Kd6 78. Bg8 Kc6 79. Bd5+ Kd6 1/2-1/2

[Event "Basel Christmas op"]
[Site "Basel"]
[Date "2022.12.26"]
[Round "1"]
[White "Stijve, Theo"]
[Black "Monteverde, Jonathan"]
[Result "1-0"]
[WhiteElo "2384"]
[BlackElo "2101"]
[PlyCount "79"]
[EventDate "2022.12.26"]
[EventType "swiss"]
[EventRounds "9"]
[EventCountry "SUI"]
[SourceTitle "EXT 2024"]
[Source "ChessBase"]
[SourceDate "2023.10.10"]
[SourceVersion "1"]
[SourceVersionDate "2023.10.10"]
[SourceQuality "1"]

1. Nf3 d5 2. c4 d4 3. e3 Nc6 4. b4 dxe3 5. fxe3 Nxb4 6. Nc3 Bf5 7. Qa4+ Nc6 8. d4 Bd7 9. Qb3 e5 10. d5 Na5 11. Qc2 Bb4 12. Rb1 Bd6 13. Bd3 Qe7 14. 0-0 g6 15. Bd2 b6 16. Be1 f5 17. e4 f4 18. Bh4 Qg7 19. g3 fxg3 20. Bxg3 h6 21. Kh1 Ne7 22. c5 bxc5 23. Bb5 c6 24. dxc6 Bxc6 25. Qa4 a6 26. Bxc6+ Naxc6 27. Nd2 Rb8 28. Nc4 Bc7 29. Nd5 Rxb1 30. Rxb1 0-0 31. Nxc7 Qf7 32. Qb3 Rb8 33. Nb6 c4 34. Qe3 Nd4 35. Kg2 Nef5 36. exf5 Qxc7 37. Nd5 Nxf5 38. Rxb8+ Qxb8 39. Qxe5 Qb7 40. Qe8+ 1-0

[Event "Lausanne YM op 9th"]
[Site "Lausanne"]
[Date "2008.09.19"]
[Round "1"]
[White "Monteverde, Jonathan"]
[Black "Boidman, Yuri"]
[Result "0-1"]
[WhiteElo "1884"]
[BlackElo "2411"]
[PlyCount "50"]
[EventDate "2008.09.19"]
[EventType "swiss"]
[EventRounds "7"]
[EventCountry "SUI"]
[SourceTitle "CBM 126 Extra"]
[Source "ChessBase"]
[SourceDate "2008.11.05"]
[SourceVersion "1"]
[SourceVersionDate "2008.11.05"]
[SourceQuality "1"]

1. d4 d5 2. c4 c6 3. Nf3 Nf6 4. Nc3 e6 5. e3 Nbd7 6. Qc2 Bd6 7. g4 dxc4 8. e4 e5 9. g5 Nh5 10. Be3 b5 11. 0-0-0 Qc7 12. d5 0-0 13. dxc6 Qxc6 14. Nxb5 Bc5 15. Bxc5 Qxc5 16. Bxc4 Qe7 17. Nd6 Nb6 18. Bxf7+ Rxf7 19. Nxf7 Kxf7 20. Qb3+ Be6 21. Nxe5+ Kg8 22. Qb5 Bxa2 23. Rd3 Qxg5+ 24. Kd1 Bc4 25. Qc6 Qxe5 0-1